The Scientific Muslim/ (Record no. 211251)

MARC details
000 -LEADER
fixed length control field 00601nam a22001934a 4500
005 - DATE AND TIME OF LATEST TRANSACTION
control field 20250509114531.0
010 ## - LCCN (DPL NO)
LC control number ENG-144908
020 ## - INTERNATIONAL STANDARD BOOK NUMBER
International Standard Book Number 9788194201847
Terms of availability 595.00
035 ## - SYSTEM CONTROL NUMBER
System control number EN-128440
037 ## - SOURCE OF ACQUISITION
Source of stock number/acquisition DBAD
082 ## - DEWEY DECIMAL CLASSIFICATION NUMBER
Classification number 305.697
100 ## - MAIN ENTRY--PERSONAL NAME
Personal name Parvaiz, Aslam
245 ## - TITLE STATEMENT
Title The Scientific Muslim/
Statement of responsibility, etc Aslam Parvaiz
260 ## - PUBLICATION, DISTRIBUTION, ETC. (IMPRINT)
Place of publication, distribution, etc Delhi
Name of publisher, distributor, etc Konark Publishers
Date of publication, distribution, etc 2021
270 ## - ADDRESS
Address A-149, Main Vikas Marg,
City Delhi
Postal code 110092
Electronic mail address konarkpublishers@hotmail.com
300 ## - PHYSICAL DESCRIPTION
Extent xxiii, 184p.
Dimensions 23cm(pb)
500 ## - GENERAL NOTE
General note Understanding Islam in a New Light
942 ## - ADDED ENTRY ELEMENTS (KOHA)
Source of classification or shelving scheme Dewey Decimal Classification
Item type English Books
Call number suffix PAR
Classification part 305.697
Holdings
Withdrawn status Lost status Not for loan Collection code Home library Current library Date acquired Source of acquisition Cost, normal purchase price Full call number Barcode Copy number Cost, replacement price Koha item type
      Non-fiction Ashok Vihar Ashok Vihar 09/05/2025 Delivery of Books Act Division 595.00 PAR 305.697 EN-128440 1 595.00 English Books

© Delhi Public Library
Hit Counter
free hit counter